All INDEPENDENT Country Flags of the World - Statistics

General Stats
  • This quiz has been taken 6 times
    3 since last reset
  • The average score is 93 of 207
Answer Stats
Picture Answer % Correct
Cuba
100%
Ethiopia
100%
Kiribati
100%
Tunisia
100%
Vanuatu
100%
Afghanistan
67%
Andorra
67%
Austria
67%
Azerbaijan
67%
Bahamas
67%
Bangladesh
67%
Barbados
67%
Belarus
67%
Brazil
67%
Brunei
67%
Burkina Faso
67%
Burundi
67%
Cambodia
67%
Cameroon
67%
China
67%
Colombia
67%
Comoros
67%
Costa Rica
67%
Denmark
67%
Djibouti
67%
Dominica
67%
Dominican Republic
67%
D.R. Congo
67%
Equatorial Guinea
67%
Eritrea
67%
Fiji
67%
Finland
67%
France
67%
F.S. of Micronesia
67%
Gabon
67%
Georgia
67%
Guatemala
67%
Haiti
67%
Hungary
67%
Indonesia
67%
Iran
67%
Ireland
67%
Japan
67%
Jordan
67%
Kazakhstan
67%
Kenya
67%
Kuwait
67%
Kyrgyzstan
67%
Latvia
67%
Luxembourg
67%
Malawi
67%
Malta
67%
Marshall Islands
67%
Myanmar
67%
Namibia
67%
Norway
67%
Pakistan
67%
Palau
67%
Panama
67%
Papua New Guinea
67%
Philippines
67%
Poland
67%
Qatar
67%
Samoa
67%
San Marino
67%
Sao Tome & Principe
67%
Serbia
67%
Seychelles
67%
Slovenia
67%
Solomon Islands
67%
South Africa
67%
South Ossetia
67%
Spain
67%
St. Kitts & Nevis
67%
St. Lucia
67%
Sweden
67%
Switzerland
67%
Taiwan
67%
Thailand
67%
Transnistria
67%
Turkey
67%
Tuvalu
67%
Ukraine
67%
United Kingdom
67%
Zambia
67%
Abkhazia
33%
Albania
33%
Algeria
33%
Angola
33%
Antarctica
33%
Antigua and Barbuda
33%
Argentina
33%
Australia
33%
Bahrain
33%
Belgium
33%
Belize
33%
Bhutan
33%
Bolivia
33%
Bosnia & Herzegovina
33%
Botswana
33%
Bulgaria
33%
Canada
33%
Cape Verde
33%
Central African Republic
33%
Chad
33%
Chile
33%
Croatia
33%
Cyprus
33%
Czech Republic
33%
East Timor
33%
Ecuador
33%
Egypt
33%
El Salvador
33%
Estonia
33%
Eswatini
33%
Gambia
33%
Germany
33%
Greece
33%
Grenada
33%
Guinea-Bissau
33%
Guyana
33%
Iceland
33%
India
33%
Iraq
33%
Israel
33%
Italy
33%
Ivory Coast
33%
Jamaica
33%
Kosovo
33%
Laos
33%
Lebanon
33%
Lesotho
33%
Liberia
33%
Libya
33%
Liechtenstein
33%
Madagascar
33%
Malaysia
33%
Maldives
33%
Mauritania
33%
Mexico
33%
Moldova
33%
Monaco
33%
Mongolia
33%
Montenegro
33%
Morocco
33%
Mozambique
33%
Nauru
33%
Nepal
33%
New Zealand
33%
Niger
33%
Nigeria
33%
Northern Cyprus
33%
North Korea
33%
North Macedonia
33%
Oman
33%
Palestine
33%
Paraguay
33%
Peru
33%
Portugal
33%
Rep. of the Congo
33%
Russia
33%
Rwanda
33%
Saudi Arabia
33%
Senegal
33%
Sierra Leone
33%
Singapore
33%
Slovakia
33%
Somalia
33%
South Korea
33%
South Sudan
33%
Sri Lanka
33%
St. Vincent and the Grenadines
33%
Sudan
33%
Suriname
33%
Syria
33%
Tajikistan
33%
Tanzania
33%
Tonga
33%
Trinidad & Tobago
33%
Turkmenistan
33%
Uganda
33%
United Arab Emirates
33%
United States
33%
Uruguay
33%
Uzbekistan
33%
Vatican City
33%
Venezuela
33%
Vietnam
33%
Yemen
33%
Zimbabwe
33%
Armenia
0%
Artsakh
0%
Benin
0%
Cook Islands
0%
Ghana
0%
Guinea
0%
Honduras
0%
Lithuania
0%
Mali
0%
Mauritius
0%
Netherlands
0%
Nicaragua
0%
Niue
0%
Romania
0%
Somaliland
0%
Togo
0%
Western Sahara
0%
No matching quizzes found
Score Distribution
Percent of People with Each Score
Percentile by Number Answered
Your Score History
You have not taken this quiz since the last reset